| 000 | 01602cam a22002893a 4500 | ||
|---|---|---|---|
| 001 | 606 | ||
| 003 | PGUSA | ||
| 005 | 20140828082950.0 | ||
| 008 | 960701s1996||||xxu|||||s|||||000 | eng d | ||
| 040 |
_aPGUSA _beng |
||
| 042 | _adc | ||
| 050 | 4 | _aE011 | |
| 100 | 1 |
_aLinderman, Frank Bird, _d1869-1938 |
|
| 245 | 1 | 0 |
_aIndian Why Stories : _bSparks from War Eagle's Lodge-Fire _h[electronic resource] / _cFrank Bird Linderman |
| 260 |
_bProject Gutenberg, _c1996 |
||
| 505 | 0 | _aWhy the chipmunk's back is striped -- How the ducks got their fine feathers -- Why the kingfisher always wears a war-bonnet -- Why the curlew's bill is long and crooked -- Old-man remakes the world -- Why Blackfeet never kill mice -- How the otter skin became great "medicine" -- Old-man steals the sun's leggings -- Old-man and his conscience -- Old-man's treachery -- Why the night-hawk's wings are beautiful -- Why the mountain-lion is long and lean -- The fire-leggings -- The moon and the great snake -- Why the deer has no gall -- Why Indians whip the buffalo-berries from the bushes -- Old-man and the fox -- Why the birch-tree wears the slashes in its bark -- Mistakes of Old-man -- How the man found his mate -- Dreams -- Retrospection. | |
| 506 | _aPublic domain in the USA. | ||
| 516 | _aElectronic text | ||
| 653 | _aTales -- Montana | ||
| 653 | _aCree Indians -- Folklore | ||
| 653 | _aIndian mythology -- Montana | ||
| 653 | _aSiksika Indians -- Folklore | ||
| 653 | _aOjibwa Indians -- Folklore | ||
| 830 | 0 |
_aProject Gutenberg _v606 |
|
| 856 | 4 | 0 | _uhttp://www.gutenberg.org/ebooks/606 |
| 942 | _cEB | ||
| 999 |
_c229957 _d229957 |
||